Nevada Click Quiz - Ghost Town, Casino, Nuclear Test or National Park - Statistics

General Stats
  • This quiz has been taken 27 times
  • The average score is 15 of 32
Answer Stats
Hint Answer % Correct
Fountainbleau Casino
79%
Venetian Casino
79%
Bellagio Casino
79%
Mandalay Bay Casino
71%
Luxor Casino
71%
Great Basin National Park Unit
71%
Lake Mead National Park Unit
71%
Death Valley National Park Unit
71%
Paris Casino
64%
Excalibur Casino
64%
Tule Springs Fossil Beds National Park Unit
64%
Flamingo Casino
57%
Virginia City Ghost Town
57%
Goldfield Ghost Town
50%
Rhyolite Ghost Town
43%
Berlin Ghost Town
43%
Teapot Nuclear Test
43%
Sunbeam Nuclear Test
43%
Tinderbox Nuclear Test
43%
Belmont Ghost Town
36%
Jarbridge Ghost Town
36%
Plumbbob Nuclear Test
36%
Metropolis Ghost Town
29%
Gold Butte National Park Unit
29%
Plowshare Nuclear Test
29%
Flintlock Nuclear Test
29%
Anvil Nuclear Test
29%
Seven Troughs Ghost Town
21%
Pony Express National Park Unit
21%
Avi Kwa Ame National Park Unit
14%
Old Spanish National Park Unit
14%
Bedrock Nuclear Test
14%
No matching quizzes found
Score Distribution
Percent of People with Each Score
Percentile by Number Answered
Your Score History
You have not taken this quiz